000 00396nam a2200181Ia 4500
001 10078
005 20260306161805.0
008 260306t2010||||xx |||||||||||||| ||spa||
041 _aESP
082 _aGR 880.1
_bS763
100 _aSófocles
_eAUT
245 0 _aÁyax
260 _c2010
300 _a126 páginas :
_c21 cm.
650 _aGEN
654 _aCHU
942 _cLIB
_dJUS
_fJUS
_2ddc
_n
999 _c10078
_d10078